000 00760cam a2200217 4500
001 WB3722-16
008 000000n2001 000 0 eng u
035 _a(Sirsi) u112952
245 _aRSLs face huge repayments
260 _c2001
490 _aHousing Today
_v(236), 31 May 2001, 1(1)
520 _aEast Thames Housing Group and Network Housing Association are being challenged in the High Court in October due to rent increases. Both housing associations could be found to have unknowingly introduced the rises.
590 _aWB
650 _aHOUSING ASSOCIATION
650 _aRENT
650 _aLAW
650 _aNETWORK HOUSING ASSOCIATION
650 _aHIGH COURT JURISDICTION
690 _aPROPERTY AND LAND LAW-RESIDENTIAL
942 _n0
999 _c67239
_d67239